000 00796nam a2200241Ia 4500
003 OSt
005 20220926032741.0
006 a|||||r|||| 00| 0
007 ta
008 220923b |||||||| |||| 00| 0 eng d
037 _cGeneral Book
040 _aRTL
_cRTL
_beng
041 _2eng
_aeng
082 _aX6xM83:(B), L5
100 _aFujino Shozaburo
_9238612
245 0 _aNeo-Keynesian theory of income prices and economic growth
260 _aTokyo
_bKinokuniya Bookstore
_c1975
300 _axiv, 206p. Appendix at the end of few chapters
_ccm.
490 _aHistotsubashi University Institute of Economic Research economic research seres,15
650 _aKeynes
_9231657
942 _hX6xM83:(B), L5
_cGB
_2CC
999 _c655547
_d655547